|
|
|
|
| LEADER |
00000nab a2200000 i 4500 |
| 001 |
publ264 |
| 005 |
20150305083715.0 |
| 008 |
150305s2003 hu o 000 zxx d |
| 040 |
|
|
|a BGE Publikációtár Repozitórium
|b hun
|
| 100 |
1 |
|
|a Forgács Anna
|
| 245 |
1 |
0 |
|a Egészségügyi rendszerek hatékonysága az Európai Unióban és az Unión kívül
|c Forgács Anna
|h [elektronikus dokumentum]
|
| 260 |
|
|
|c 2003
|
| 300 |
|
|
|a 3-29
|
| 490 |
0 |
|
|a EU Working Papers
|v No. 2. sz.
|
| 650 |
|
4 |
|a társadalomtudományok
|
| 695 |
|
|
|a Egészségügy
|
| 695 |
|
|
|a Európai Unió
|
| 700 |
1 |
|
|a Vallyon Andrea
|e aut
|
| 856 |
4 |
0 |
|u https://publikaciotar.uni-bge.hu/id/eprint/264/1/ewp_0302_07.pdf
|z Dokumentum-elérés
|